000 00432nam a2200157Ia 4500
008 160316s1963 xxu||||| |||| 00| 0 eng d
082 _a341.000000
_bBRI
100 _aBrierly J L
245 _aThe law of nations : An introduction to the international law of peace
250 _a6th
260 _aOxford
_bClarendon Press
_c1963
300 _a442p.
_b20 cm
_cxv
365 _bRs.40
650 _a1.International Law
700 _a
_a
999 _c4661
_d4661